LEADER 01517nam a2200325 4500 001 000000333973 003 CaOOAMICUS 005 20190703142105.0 008 190612s2019 it 000 u ita r 020 $a978-88-266-0274-5 040 $aSeMil$bita 100 0 $aIoannes Paulus II,$c.$0(OLS)http://semarc/name/646 240 10$aKazanie na areopagu.$0(OLS)http://semarc/title/423648 245 10$aCristo, la Chiesa e il mondo :$bcatechesi dell'areopago /$cKarol Wojtyla ; presentazione Stanislaw Card. Dziwisz ; guida alla lettura Gilfredo Marengo. 264 1$aCittą del Vaticano :$bLibreria Editrice Vaticana,$c2019. 300 $a178 p. ;$c22 cm 541 1 $aFondo Mons. Mario Delpini 700 1 $aDziwisz, Stanislaw <1939- >,$eautore di introduzione.$0(OLS)http://semarc/name/38740 700 1 $aMarengo, Gilfredo,$d<1955- >,$ecuratore.$0(OLS)http://semarc/name/17154 850 $aSeMil 852 $aSeMil$W1$xVenegono$y1$m2A VII 314$j214268$B226766$CSeMilBibl$Z2$F226766 $81 900 1 $aWojtyla, Karol,$d<1920-2005>. 900 0 $aGiovanni Paolo II$c. 941 1 $a7 996 $6020$a978-88-266-0274-5$9(OLS)http://semarc/number/287535 996 $6245$aCristo, la Chiesa e il mondo :$bcatechesi dell'areopago$9(OLS)http://semarc/title/423647 996 $6264$aCittą del Vaticano :$bLibreria Editrice Vaticana$9(OLS)http://semarc/publisher/29734 LEADER 01177nam a2200277 i 4500 001 000000035822 003 CaOOAMICUS 005 20140307000000.0 008 140307s1967 it u000 u ita u 013 $a4688 040 $aSeMil$bita 100 1 $aCultrera, Francesco .$0(OLS)http://semarc/name/16800 245 10$aCaritą e vocazione nel "De Religione" di Suarez /$cFrancesco Cultrera S. J. 260 $aRoma :$bHerder,$cstampa 1967. 300 $a131 p. ;$c25 cm. 490 0 $aAloisiana : studi di scienze sacre ;$v6 500 $aContiene : Bibliografia. 600 14$aSuarez, Francisco.$0(OLS)http://semarc/subject/4595 650 4$aCaritą - Virtł.$0(OLS)http://semarc/subject/44778 650 4$aVocazioni religiose - Studi.$0(OLS)http://semarc/subject/5476 830 0$aAloisiana : studi di scienze sacre ;$v6.$0(OLS)http://semarc/title/169 850 $aSeMil 852 $aSeMil$W1$xVenegono$y1$m2N VI 256$j1977$B1977$CSeMilBibl$Z2$F1977 $81 961 $aAcquisto: Casa editrice 996 $6245$aCaritą e vocazione nel "De Religione" di Suarez$9(OLS)http://semarc/title/49283 996 $6260$aRoma :$bHerder$9(OLS)http://semarc/publisher/29637